LEADER 00881cam0 22002653 450 001 SON0007255 005 20150303151542.0 100 $a20031121d1970 |||||ita|0103 ba 101 $aita 102 $aIT 200 1 $aTeatro verista siciliano$fa cura di Alfredo Barbina 210 $aBologna$cCappelli Editore$d1970 215 $a641 p.$d22 cm 225 2 $aBiblioteca dell'Ottocento italiano$v14 410 1$1001LAEC00019288$12001 $a*Biblioteca dell'Ottocento italiano$v14 702 1$aBARBINA, Alfredo$3AF00023946$4070 801 0$aIT$bUNISOB$c20150303$gRICA 850 $aUNISOB 852 $aUNISOB$j850$m10700 912 $aSON0007255 940 $aM 102 Monografia moderna SBN 941 $aM 957 $a850$b000090$gSI$d10700$rACQUISTO$1rovito$2UNISOB$3UNISOB$420150303151505.0$520150303151535.0$6rovito 996 $aTeatro verista siciliano$9150362 997 $aUNISOB